Madonna - Mer Girl - Lyrics - Statistics

General Stats
  • This quiz has been taken 5 times
  • The average score is 238 of 270
Answer Stats
Answer % Correct
and
100%
And
100%
away
100%
covered
100%
daughter
100%
face
100%
feet
100%
flesh
100%
for
100%
forest
100%
gone
100%
ground
100%
hair
100%
her
100%
Her
100%
hill
100%
hills
100%
house
100%
I
100%
I'm
100%
in
100%
into
100%
looking
100%
mailbox
100%
me
100%
my
100%
never
100%
on
100%
rain
100%
ran
100%
rotting
100%
running
100%
shoes
100%
silence
100%
sky
100%
smelled
100%
still
100%
the
100%
to
100%
trees
100%
Up
100%
up
100%
angels
75%
arms
75%
back
75%
beneath
75%
Black
75%
blinding
75%
bones
75%
breath
75%
burning
75%
cannot
75%
contain
75%
crumbling
75%
decay
75%
earth
75%
even
75%
fears
75%
from
75%
From
75%
haunts
75%
keep
75%
lake
75%
Leaves
75%
man
75%
mother
75%
noise
75%
opened
75%
Out
75%
saw
75%
she's
75%
skin
75%
sleeps
75%
talks
75%
tasted
75%
tears
75%
that
75%
though
75%
tombstones
75%
took
75%
was
75%
who
75%
your
75%
about
50%
across
50%
All
50%
Ants
50%
cemetary
50%
churches
50%
cursed
50%
death
50%
forgotten
50%
gave
50%
held
50%
Hid
50%
hid
50%
lady
50%
matted
50%
names
50%
old
50%
soaked
50%
streets
50%
there
50%
thought
50%
traffic
50%
way
50%
apple
25%
crooked
25%
marched
25%
past
25%
Past
25%
treetops
25%
lakes
0%
orchards
0%
No matching quizzes found
Score Distribution
Percent of People with Each Score
Percentile by Number Answered
Your Score History
You have not taken this quiz